The religions of man (Record no. 40281)
[ view plain ]
| 000 -LEADER | |
|---|---|
| fixed length control field | 00417nam a2200193Ia 4500 |
| 003 - CONTROL NUMBER IDENTIFIER | |
| control field | 0100 |
| 008 - FIXED-LENGTH DATA ELEMENTS--GENERAL INFORMATION | |
| fixed length control field | 130303s9999 xx 000 0 und d |
| 040 ## - CATALOGING SOURCE | |
| Transcribing agency | ARRUPELIB |
| 050 ## - LIBRARY OF CONGRESS CALL NUMBER | |
| Classification number | BL80.S66 1965 |
| 300 ## - PHYSICAL DESCRIPTION | |
| Other physical details | 21 cm. |
| 100 ## - MAIN ENTRY--PERSONAL NAME | |
| Personal name | Smith, Huston |
| 245 #4 - TITLE STATEMENT | |
| Title | The religions of man |
| 260 ## - PUBLICATION, DISTRIBUTION, ETC. (IMPRINT) | |
| Place of publication, distribution, etc | New York |
| 260 ## - PUBLICATION, DISTRIBUTION, ETC. (IMPRINT) | |
| Name of publisher, distributor, etc | Harper and Row |
| 260 ## - PUBLICATION, DISTRIBUTION, ETC. (IMPRINT) | |
| -- | 1958 |
| 300 ## - PHYSICAL DESCRIPTION | |
| Extent | 371p. |
| 650 ## - SUBJECT ADDED ENTRY--TOPICAL TERM | |
| Topical term or geographic name as entry element | RELIGION |
| 942 00 - ADDED ENTRY ELEMENTS (KOHA) | |
| Koha issues (borrowed), all copies | 7 |
| Withdrawn status | Lost status | Source of classification or shelving scheme | Damaged status | Not for loan | Collection code | Home library | Current library | Shelving location | Date acquired | Total Checkouts | Full call number | Barcode | Date last seen | Date checked out | Copy number | Price effective from | Koha item type |
|---|---|---|---|---|---|---|---|---|---|---|---|---|---|---|---|---|---|
| Library of Congress Classification | Main Collection | ARRUPE LIBRARY | ARRUPE LIBRARY | 04/03/2013 | 1 | BL80.S66 1965 | 46003094214 | 26/10/2016 | 23/09/2015 | 1 | 04/03/2013 | Monograph ( Printed materials) | |||||
| Library of Congress Classification | Main Collection | ARRUPE LIBRARY | ARRUPE LIBRARY | 04/03/2013 | 1 | BL80.S66 1965 | 46500007757 | 01/08/2016 | 12/09/2016 | 2 | 04/03/2013 | Monograph ( Printed materials) | |||||
| Library of Congress Classification | Main Collection | ARRUPE LIBRARY | ARRUPE LIBRARY | 04/03/2013 | 7 | BL80.S66 1965 | 46003068079 | 28/11/2016 | 14/11/2016 | 3 | 04/03/2013 | Monograph ( Printed materials) | |||||
| Library of Congress Classification | Main Collection | ARRUPE LIBRARY | ARRUPE LIBRARY | 04/03/2013 | BL80.S66 1965 | 46500007758 | 01/08/2016 | 4 | 04/03/2013 | Monograph ( Printed materials) | |||||||
| Library of Congress Classification | Main Collection | ARRUPE LIBRARY | ARRUPE LIBRARY | 04/03/2013 | 2 | BL80.S66 1965 | 46003038551 | 26/10/2016 | 13/10/2016 | 6 | 04/03/2013 | Monograph ( Printed materials) | |||||
| Library of Congress Classification | Main Collection | ARRUPE LIBRARY | ARRUPE LIBRARY | 04/03/2013 | 2 | BL80.S66 1965 | 46500007760 | 31/10/2016 | 17/10/2016 | 7 | 04/03/2013 | Monograph ( Printed materials) | |||||
| Library of Congress Classification | Main Collection | ARRUPE LIBRARY | ARRUPE LIBRARY | 04/03/2013 | BL80.S66 1965 | 46500007765 | 01/08/2016 | 8 | 04/03/2013 | Monograph ( Printed materials) | |||||||
| Library of Congress Classification | Main Collection | ARRUPE LIBRARY | ARRUPE LIBRARY | 04/03/2013 | BL80.S66 1965 | 46500007759 | 01/08/2016 | 9 | 04/03/2013 | Monograph ( Printed materials) | |||||||
| Library of Congress Classification | Main Collection | ARRUPE LIBRARY | ARRUPE LIBRARY | 04/03/2013 | 4 | BL80.S66 1965 | 46003014290 | 01/11/2016 | 18/10/2016 | 10 | 04/03/2013 | Monograph ( Printed materials) |